[Event "GER-chT U14"]
[Site "Duesseldorf"]
[Date "2016.12.29"]
[Round "6.3"]
[White "Mimkes, Pavel"]
[Black "Spaeth, Rene"]
[Result "1-0"]
[WhiteElo "1418"]
[BlackElo "1384"]
[PlyCount "73"]
[EventDate "2016.12.27"]
[EventType "team-swiss"]
[EventRounds "7"]
[EventCountry "GER"]
[SourceTitle "EXT 2018"]
[Source "ChessBase"]
[SourceDate "2017.10.13"]
[SourceVersion "1"]
[SourceVersionDate "2017.10.13"]
[SourceQuality "1"]
[WhiteTeam "Goettingen Rochade U14"]
[BlackTeam "Biberach U14"]
[WhiteTeamCountry "GER"]
[BlackTeamCountry "GER"]

1. e4 c5 2. Bc4 e6 3. Nc3 Nc6 4. Nf3 a6 5. a4 d6 6. d4 cxd4 7. Nxd4 Nf6 8. f3 d5 9. Bb3 dxe4 10. Nxc6 Qxd1+ 11. Kxd1 bxc6 12. fxe4 e5 13. Bg5 Be7 14. h3 Bb7 15. Ke2 Nh5 16. Bxe7 Ng3+ 17. Kf3 Nxh1 18. Bh4 c5 19. Bd5 Bxd5 20. Nxd5 Ra7 21. Rxh1 Rb7 22. b3 f6 23. Bf2 Kf7 24. Rd1 Rc8 25. Rd3 Ke6 26. g4 Kd7 27. Nb6+ Kc7 28. Nxc8 Kxc8 29. Bxc5 Rc7 30. Rc3 a5 31. b4 Rd7 32. Rd3 Rb7 33. c3 Kc7 34. Rd6 Kb8 35. Rb6 Ka7 36. Rxb7+ Kxb7 37. Bf8 1-0

[Event "GER-chT U14"]
[Site "Duesseldorf"]
[Date "2016.12.29"]
[Round "5.3"]
[White "Spaeth, Rene"]
[Black "Wiedenbruch, Paul"]
[Result "1/2-1/2"]
[WhiteElo "1384"]
[BlackElo "1310"]
[PlyCount "112"]
[EventDate "2016.12.27"]
[EventType "team-swiss"]
[EventRounds "7"]
[EventCountry "GER"]
[SourceTitle "EXT 2018"]
[Source "ChessBase"]
[SourceDate "2017.10.13"]
[SourceVersion "1"]
[SourceVersionDate "2017.10.13"]
[SourceQuality "1"]
[WhiteTeam "Biberach U14"]
[BlackTeam "Duesseldorf SK U14"]
[WhiteTeamCountry "GER"]
[BlackTeamCountry "GER"]

1. e4 e5 2. Nf3 Nf6 3. Nxe5 d6 4. Nf3 Nxe4 5. d3 Nf6 6. Nc3 Nc6 7. Bg5 Be7 8. Be2 h6 9. Bh4 0-0 10. Qd2 Ne5 11. 0-0 Bf5 12. Rfe1 Re8 13. d4 Nxf3+ 14. Bxf3 c6 15. Re2 Nh7 16. Bxe7 Rxe7 17. Rae1 Rxe2 18. Rxe2 d5 19. Qf4 Be6 20. Na4 Qa5 21. b3 b6 22. Qc7 Rc8 23. Qd6 Nf8 24. h3 Qb5 25. Nb2 c5 26. Qe5 Qc6 27. c4 Ng6 28. cxd5 Nxe5 29. dxc6 Nxf3+ 30. gxf3 Rxc6 31. dxc5 Rxc5 32. Nd3 Rf5 33. Kg2 a5 34. Kg3 Kf8 35. Nf4 Bd7 36. Rd2 Ke8 37. Nd5 b5 38. Nb6 Bc6 39. Rd3 Bb7 40. a4 Ba6 41. Na8 Rc5 42. Rd6 Bb7 43. Nb6 bxa4 44. bxa4 Rc6 45. Rxc6 Bxc6 46. Nc4 Bxa4 47. Nxa5 Ke7 48. Nc4 Ke6 49. Ne3 f5 50. f4 Bc6 51. Nc4 g6 52. Ne5 Be8 53. Nf3 Kf6 54. h4 Bc6 55. Nd4 Bd5 56. f3 Bb7 1/2-1/2

[Event "GER-chT U14"]
[Site "Duesseldorf"]
[Date "2016.12.28"]
[Round "3.3"]
[White "Spaeth, Rene"]
[Black "Rapp, Lukas"]
[Result "1-0"]
[WhiteElo "1384"]
[BlackElo "1510"]
[PlyCount "122"]
[EventDate "2016.12.27"]
[EventType "team-swiss"]
[EventRounds "7"]
[EventCountry "GER"]
[SourceTitle "EXT 2018"]
[Source "ChessBase"]
[SourceDate "2017.10.13"]
[SourceVersion "1"]
[SourceVersionDate "2017.10.13"]
[SourceQuality "1"]
[WhiteTeam "Biberach U14"]
[BlackTeam "Stadtilm Blau Weiss U14"]
[WhiteTeamCountry "GER"]
[BlackTeamCountry "GER"]

1. e4 c5 2. d4 cxd4 3. c3 d3 4. Bxd3 d6 5. Nf3 Nd7 6. 0-0 Ngf6 7. Re1 e5 8. Bg5 Be7 9. Nbd2 0-0 10. Nc4 b5 11. Na3 a6 12. b4 Re8 13. c4 Qb6 14. cxb5 axb5 15. Nxb5 Ba6 16. Be3 Qb7 17. Nc3 Qxb4 18. Qd2 Bxd3 19. Qxd3 Ra3 20. Bd2 Rc8 21. Nd5 Nxd5 22. Qxd5 Qa4 23. Bg5 Rc5 24. Qd2 Bf8 25. Be3 Rc2 26. Qd5 Nf6 27. Qb7 Raxa2 28. Ng5 Qc4 29. h3 h6 30. Nf3 Rxa1 31. Rxa1 Nxe4 32. Ne1 Rc3 33. Ra8 Rb3 34. Qe7 Rxe3 35. Rxf8+ Kh7 36. fxe3 Qe2 37. Qh4 Qxe3+ 38. Kh2 g5 39. Qg4 Kg7 40. Rc8 Kg6 41. Nf3 Nf2 42. Nh4+ Kh7 43. Qf5+ Kg7 44. Rc7 Qf4+ 45. Qxf4 gxf4 46. Nf5+ Kf6 47. Nxd6 Ke6 48. Nxf7 e4 49. Nxh6 e3 50. Rc2 Ne4 51. Kg1 Nd2 52. Ng4 Kf5 53. Nh2 Ke4 54. Ra2 Kd3 55. Nf3 Ne4 56. Kf1 Ng3+ 57. Ke1 Kc3 58. Ra4 Nh5 59. Ng1 Kb3 60. Re4 Kc3 61. Ne2+ Kd3 1-0